| 000 | 00352nam a2200109Ia 4500 | ||
|---|---|---|---|
| 008 | 230907s9999||||xx |||||||||||||| ||und|| | ||
| 082 |
_a621.4021 _bFUN |
||
| 245 | 0 | _aFundamentals and applications of supercritical carbon dioxide (sco2) based power cycles / | |
| 260 |
_aWoodhead Publishing, _bCambridge : _c2017 |
||
| 300 | _axxviii, 433 p. | ||
| 942 | _cBK | ||
| 999 |
_c601596 _d601596 |
||